|
|
|
|
| LEADER |
03986cam a2200925 i 4500 |
| 001 |
nkc20172944610 |
| 003 |
CZ PrNK |
| 005 |
20240506111013.0 |
| 007 |
ta |
| 008 |
170925s2017 xr ach e 000 ibcze d |
| 015 |
|
|
|a cnb002944610
|
| 020 |
|
|
|a 978-80-87282-33-5
|q (vázáno)
|
| 020 |
|
|
|a 978-80-88642-01-5
|q (soubor 2023)
|
| 035 |
|
|
|a (OCoLC)1031044790
|
| 040 |
|
|
|a KLG001
|b cze
|d OLA001
|d ABA001
|e rda
|
| 041 |
1 |
|
|a cze
|k eng
|k ger
|h lat
|
| 043 |
|
|
|a e-gx---
|
| 045 |
|
|
|a t0t4
|
| 072 |
|
7 |
|a 27
|x Křesťanství. Křesťanská církev všeobecně. Eklesiologie
|2 Konspekt
|9 5
|
| 072 |
|
7 |
|a 929
|x Biografie
|2 Konspekt
|9 8
|
| 080 |
|
|
|a 27-337
|2 MRF
|
| 080 |
|
|
|a 274/278-1-051
|2 MRF
|
| 080 |
|
|
|a 929
|2 MRF
|
| 080 |
|
|
|a 274.5-1/-9
|2 MRF
|
| 080 |
|
|
|a 27-423.79
|2 MRF
|
| 080 |
|
|
|a 27-4
|2 MRF
|
| 080 |
|
|
|a 2-6
|2 MRF
|
| 080 |
|
|
|a (430)
|2 MRF
|
| 080 |
|
|
|a (0:82-6)
|2 MRF
|
| 080 |
|
|
|a (082.21)
|2 MRF
|
| 080 |
|
|
|a (0.072)
|2 MRF
|
| 100 |
1 |
|
|a Luther, Martin,
|d 1483-1546
|7 jn19990005235
|4 aut
|
| 245 |
1 |
0 |
|a Dopisy blízkým /
|c Martin Luther ; s předmluvou Martina Wernische ; překlad: Alexandr Flek, Pavel Moskala, Mikuláš Vymětal, Tomáš Živný
|
| 250 |
|
|
|a Vydání první
|
| 264 |
|
1 |
|a Praha :
|b Biblion,
|c 2017
|
| 300 |
|
|
|a 173 stran :
|b ilustrace, portréty, faksimile ;
|c 16 cm
|
| 336 |
|
|
|a text
|b txt
|2 rdacontent
|
| 337 |
|
|
|a bez média
|b n
|2 rdamedia
|
| 338 |
|
|
|a svazek
|b nc
|2 rdacarrier
|
| 500 |
|
|
|a Přeloženo z němčiny s přihlédnutím k latinským originálům a anglickému překladu
|
| 500 |
|
|
|a Část nákladu distribuována v roce 2023 jako třísvazkový soubor (Dopisy blízkým / Martin Luther, Listy z Kostnice / Jan Hus a Lekce lidskosti / Jan Amos Komenský) ve společném kartonovém pouzdru; ISBN souboru neuvedeno
|
| 500 |
|
|
|a Chronologický přehled
|
| 504 |
|
|
|a Obsahuje bibliografické odkazy
|
| 600 |
1 |
7 |
|a Luther, Martin,
|d 1483-1546
|7 jn19990005235
|2 czenas
|
| 648 |
|
7 |
|a 16. století
|7 ch460554
|2 czenas
|
| 648 |
|
7 |
|a 15.-16. století
|7 ch757034
|2 czenas
|
| 648 |
|
4 |
|a 1507-1546
|
| 650 |
0 |
7 |
|a křesťanští reformátoři
|7 ph122146
|z Německo
|y 16. století
|2 czenas
|
| 650 |
0 |
7 |
|a evangeličtí teologové
|7 ph120051
|z Německo
|y 16. století
|2 czenas
|
| 650 |
0 |
7 |
|a evangeličtí teologové
|7 ph120051
|x přátelé a spolupracovníci
|y 15.-16. století
|2 czenas
|
| 650 |
0 |
7 |
|a evangeličtí teologové
|7 ph120051
|x partnerské a rodinné vztahy
|y 15.-16. století
|2 czenas
|
| 650 |
0 |
7 |
|a luterské učení
|7 ph203891
|2 czenas
|
| 650 |
0 |
7 |
|a křesťanská víra
|7 ph122113
|2 czenas
|
| 650 |
0 |
7 |
|a křesťanský život
|7 ph122132
|2 czenas
|
| 650 |
0 |
9 |
|a Christian reformers
|z Germany
|y 16th century
|2 eczenas
|
| 650 |
0 |
9 |
|a Evangelical theologians
|z Germany
|y 16th century
|2 eczenas
|
| 650 |
0 |
9 |
|a Evangelical theologians
|x friends and associates
|y 15th-16th centuries
|2 eczenas
|
| 650 |
0 |
9 |
|a Evangelical theologians
|x partner and family relationships
|y 15th-16th centuries
|2 eczenas
|
| 650 |
0 |
9 |
|a Lutheran doctrine
|2 eczenas
|
| 650 |
0 |
9 |
|a Christian faith
|2 eczenas
|
| 650 |
0 |
9 |
|a Christian life
|2 eczenas
|
| 651 |
|
7 |
|a Německo
|7 ge135889
|x náboženské poměry
|y 16. století
|2 czenas
|
| 651 |
|
9 |
|a Germany
|x religious conditions
|y 16th century
|2 eczenas
|
| 655 |
|
7 |
|a korespondence
|7 fd132681
|2 czenas
|
| 655 |
|
7 |
|a výbory
|7 fd133853
|2 czenas
|
| 655 |
|
7 |
|a komentovaná vydání
|7 fd132577
|2 czenas
|
| 655 |
|
9 |
|a correspondence
|2 eczenas
|
| 655 |
|
9 |
|a selected works
|2 eczenas
|
| 655 |
|
9 |
|a annotated editions
|2 eczenas
|
| 700 |
1 |
|
|a Wernisch, Martin,
|d 1962-
|7 jo20010088863
|4 wfw
|
| 700 |
1 |
|
|a Flek, Alexandr,
|d 1968-
|7 xx0003017
|4 trl
|
| 700 |
1 |
|
|a Moskala, Pavel
|7 av2013785180
|4 trl
|
| 700 |
1 |
|
|a Vymětal, Mikuláš,
|d 1971-
|7 kpwa6276
|4 trl
|
| 700 |
1 |
|
|a Živný, Tomáš
|7 pna2017971756
|4 trl
|
| 910 |
2 |
|
|a BOA001
|b 1-1400.416
|
| 920 |
|
|
|a 1148957
|z KLG001
|
| 990 |
|
|
|a BK
|
| 995 |
|
|
|a 01
|
| 991 |
|
|
|b 201802
|c NOV
|
| 996 |
6 |
|
|b 2610732737
|c 1-1400.416
|l MZK
|r Sklad / do 1 hodiny
|n 2
|p p.v.
|w 001649988
|u 000010
|a 1
|e BOA001
|j MZK50
|s P
|